| 000 | 00960nam a2200337 a 4500 | ||
|---|---|---|---|
| 999 |
_c897 _d897 |
||
| 001 | 017145734 | ||
| 003 | UkOxU | ||
| 005 | 20191226091018.0 | ||
| 008 | 071207r20082007enk j 000 1 eng | ||
| 015 |
_aGBA7A1338 _2bnb |
||
| 020 | _a9780141320939 (pbk.) : | ||
| 020 | _a0141320931 (pbk.) : | ||
| 035 | _a(IeDuTC)b14965905 | ||
| 035 | _a(UkLCURL)08b14965905 | ||
| 038 | _aUk | ||
| 040 |
_aStDuBDS _beng _cStDuBDS |
||
| 049 | _lb | ||
| 082 | _aFIC GLA | ||
| 100 | 1 |
_aGlass, Linzi Alex. _eauthor |
|
| 245 | 1 | 0 |
_aRuby red / _cLinzi Glass. |
| 260 |
_aLondon : _bPuffin, _c2008. |
||
| 263 | _a200803 | ||
| 300 |
_a1 v. ; _c20 cm. |
||
| 500 | _aOriginally published: London: Penguin, 2007. | ||
| 650 | 0 |
_aFirst loves _vFiction. |
|
| 650 | 0 |
_aAfrikaners _vFiction. |
|
| 651 | 0 |
_aJohannesburg (South Africa) _xSocial life and customs _vFiction. |
|
| 651 | 0 |
_aSouth Africa _xRace relations _vFiction. |
|
| 655 | 0 | _aYoung adult fiction. | |
| 942 |
_2ddc _cFIC |
||